All Playable Genshin Impact Characters - Hints - Statistics

General Stats
  • This quiz has been taken 76 times
    26 since last reset
  • The average score is 60 of 114
Answer Stats
Name Region Element Weapon Type Star* Type % Correct
Varka Mondstadt Anemo Claymore 5
100%
Barbara Mondstadt Hydro Catalyst 4
91%
Fischl Mondstadt Electro Bow 4
91%
Noelle Mondstadt Geo Claymore 4
91%
Amber Mondstadt Pyro Bow 4
82%
Beidou Liyue Electro Claymore 4
82%
Bennett Mondstadt Pyro Sword 4
82%
Chongyun Liyue Cyro Claymore 4
82%
Diluc Mondstadt Pyro Claymore 5
82%
Diona Mondstadt Cyro Bow 4
82%
Ganyu Liyue Cyro Bow 5
82%
Hu Tao Liyue Pyro Polearm 5
82%
Jean Mondstadt Anemo Sword 5
82%
Klee Mondstadt Pryo Catalyst 5
82%
Razor Mondstadt Electro Claymore 4
82%
Rosaria Mondstadt Cyro Polearm 4
82%
Sucrose Mondstadt Anemo Catalyst 4
82%
Venti Mondstadt Anemo Bow 5
82%
Xiao Liyue Anemo Polearm 5
82%
Yaoyao Liyue Dendro Polearm 4
82%
Zhongli Liyue Geo Polearm 5
82%
Albedo Mondstadt Geo Sword 5
73%
Baizhu Liyue Dendro Catalyst 5
73%
Dahlia Mondstadt Hydro Sword 4
73%
Eula Mondstadt Cyro Claymore 5
73%
Gaming Liyue Pyro Claymore 4
73%
Gorou Inazuma Geo Bow 4
73%
Kaeya Mondstadt Cyro Sword 4
73%
Keqing Liyue Electro Sword 5
73%
Lan Yan Liyue Anemo Catalyst 4
73%
Lisa Mondstadt Electro Catalyst 4
73%
Mika Mondstadt Cyro Polearm 4
73%
Mona Mondstadt Hydro Catalyst 5
73%
Ningguang Liyue Geo Catalyst 4
73%
Thoma Inazuma Pyro Polearm 4
73%
Xingqiu Liyue Hydro Sword 4
73%
Xinyan Liyue Pyro Claymore 4
73%
Yelan Liyue Hydro Bow 5
73%
Chiori Inazuma Geo Sword 5
64%
Kamisato Ayaka Inazuma Cyro Sword 5
64%
Kamisato Ayato Inazuma Hydro Sword 5
64%
Raiden Inazuma Electro Polearm 5
64%
Shenhe Liyue Cyro Polearm 5
64%
Xiangling Liyue Pyro Polearm 4
64%
Yae Miko Inazuma Electro Catalyst 5
64%
Yanfei Liyue Pyro Catalyst 4
64%
Yun Jin Liyue Geo Polearm 4
64%
Zibai Liyue Geo Sword 5
64%
Arataki Itto Inazuma Geo Claymore 5
55%
Collei Sumeru Dendro Bow 4
55%
Kuki Shinobu Inazuma Electro Sword 4
55%
Qiqi Liyue Cyro Sword 5
55%
Wanderer Sumeru Anemo Catalyst 5
55%
Xianyun Liyue Anemo Catalyst 5
55%
Yumemizuki Mizuki Inazuma Anemo Catalyst 5
55%
Alhaitham Sumeru Dendro Sword 5
45%
Aloy Another Game Cyro Bow 5
45%
Candace Sumeru Hydro Polearm 4
45%
Durin Nod-Krai Pyro Sword 5
45%
Kaveh Sumeru Dendro Claymore 4
45%
Kujou Sara Inazuma Electro Bow 4
45%
Nahida Sumeru Dendro Catalyst 5
45%
Nilou Sumeru Hydro Sword 5
45%
Sangonomiya Kokomi Inazuma Hydro Catalyst 5
45%
Shikanoin Heizou Inazuma Anemo Catalyst 4
45%
Tighnari Sumeru Dendro Bow 5
45%
Yoimiya Inazuma Pyro Bow 5
45%
Arlecchino Snezhnaya Pyro Polearm 5
36%
Chasca Natlan Anemo Bow 5
36%
Columbina Nod-Krai Hydro Catalyst 5
36%
Cyno Sumeru Electro Claymore 5
36%
Dehya Sumeru Pyro Claymore 5
36%
Emilie Fontaine Dendro Polearm 5
36%
Escoffier Fontaine Cyro Polearm 5
36%
Freminet Fontaine Cyro Claymore 4
36%
Furina Fontaine Hydro Sword 5
36%
Illuga Nod-Krai Geo Polearm 4
36%
Kaedehara Kazuha Inazuma Anemo Sword 5
36%
Kinich Natlan Dendro Claymore 5
36%
Lauma Nod-Krai Dendro Catalyst 5
36%
Layla Sumeru Cyro Sword 4
36%
Lynette Fontaine Anemo Sword 4
36%
Lyney Fontaine Pyro Bow 5
36%
Mavuika Natlan Pyro Claymore 5
36%
Mualani Natlan Hydro Catalyst 5
36%
Navia Fontaine Geo Claymore 5
36%
Neuvillette Fontaine Hydro Catalyst 5
36%
Skirk Not From Teyvat Cyro Sword 5
36%
Tartaglia / Childe Snezhnaya Hydro Bow 5
36%
Varesa Natlan Electro Catalyst 5
36%
Wriothesley Fontaine Cyro Catlyst 5
36%
Aino Nod-Krai Hydro Claymore 4
27%
Charlotte Fontaine Cyro Catalyst 4
27%
Citlali Natlan Cyro Catalyst 5
27%
Clorinde Fontaine Electro Sword 5
27%
Faruzan Sumeru Anemo Bow 4
27%
Flins Nod-Krai Electro Polearm 5
27%
Iansan Natlan Electro Polearm 4
27%
Ifa Natlan Anemo Catalyst 4
27%
Jahoda Nod-Krai Anemo Bow 4
27%
Kachina Natlan Geo Polearm 4
27%
Nefer Nod-Krai Dendro Catalyst 5
27%
Ororon Natlan Electro Bow 4
27%
Sayu Inazuma Anemo Claymore 4
27%
Sethos Sumeru Electro Bow 4
27%
Sigewinne Fontaine Hydro Bow 5
27%
Traveller Not From Teyvat Interchangeable Sword 5
27%
Xilonen Natlan Geo Sword 5
27%
Dori Sumeru Electro Claymore 4
18%
Ineffa Nod-Krai Electro Polearm 5
18%
Kiara Inazuma Dendro Sword 4
18%
Manekin Miliastra Wonderland Interchangeable Sword 5
18%
Nicole Made by the Heavenly Principles Pyro Catalyst 5
9%
Chevruse Fontaine Pyro Polearm 4
0%
No matching quizzes found
Score Distribution
Percent of People with Each Score
Percentile by Number Answered
Your Score History
You have not taken this quiz since the last reset